El sabio instruido en varias máximas o ideas evangélicas, políticas, y morales (Record no. 8582)
[ view plain ]
| 000 -CABECERA | |
|---|---|
| campo de control de longitud fija | 02078nam a2200289 a 4500 |
| 001 - NÚMERO DE CONTROL | |
| campo de control | BRCA_8931 |
| 005 - FECHA Y HORA DE LA ÚLTIMA TRANSACCIÓN | |
| campo de control | 20190320210448.0 |
| 008 - DATOS DE LONGITUD FIJA--INFORMACIÓN GENERAL | |
| campo de control de longitud fija | 290617s1709----sp-#######---#000-0#spa-# |
| 041 ## - CÓDIGO DE LENGUA | |
| Código de lengua del texto/banda sonora o título independiente | spa |
| 044 ## - CÓDIGO DEL PAÍS DE LA ENTIDAD EDITORA/PRODUCTORA | |
| Código MARC del país | sp |
| 084 ## - OTRO NÚMERO DE CLASIFICACIÓN | |
| Número de clasificación | LE21 |
| Número de documento/Ítem | .G37 1709 |
| 100 1# - ENTRADA PRINCIPAL--NOMBRE DE PERSONA | |
| Nombre de persona | Garau, Francisco |
| 9 (RLIN) | 21861 |
| 245 10 - MENCIÓN DE TÍTULO | |
| Título | El sabio instruido en varias máximas o ideas evangélicas, políticas, y morales |
| Resto del título | añadidas en esta ultima impresión por el mismo autor, con sus índices muy copiosos, y variedad de asuntos predicables, para todos los Evangelicos del año, dedicadas al amante de Christo, pasmo de las gentes, San Antonio de Padua |
| Mención de responsabilidad, etc. | por el R.P. Francisco Garau; tomo primero. |
| 260 ## - PUBLICACIÓN, DISTRIBUCIÓN, ETC. | |
| Lugar de publicación, distribución, etc. | Madrid |
| Nombre del editor, distribuidor, etc. | por Antonio González de Reyes |
| Fecha de publicación, distribución, etc. | 1709 |
| 300 ## - DESCRIPCIÓN FÍSICA | |
| Extensión | [10], 406 p. (t.1) |
| Dimensiones | 21.1 x 15.3 cm. |
| 500 ## - NOTA GENERAL | |
| Nota general | Con privilegio |
| 500 ## - NOTA GENERAL | |
| Nota general | Estado físico: presenta encuadernación en pergamino y cintas rotas |
| 500 ## - NOTA GENERAL | |
| Nota general | En portada: A costa de Francisco Laso; Mercader de Libros, enfrente de lo¿as Gradas de S. Felipe |
| 500 ## - NOTA GENERAL | |
| Nota general | Con marca de fuego: “Procedencia de la marca: Convento de San Francisco de Querétaro(1). Institución: Orden de Frailes Menores. Provincia de San Pedro y San Pablo de Michoacán. Descripción: Tres iniciales separadas: ´C´, ´S´ y ´Q´ en cuya silueta se agregó el resto del texto: C[onvento] S[an Francisco] Q[uerétaro]. Luego el escudo franciscano de las 5 llagas inscrito en un círculo formado del cordón franciscano. Observaciones: Rafael Sala, Carlos Krausse y David Saavedra Vega la catalogan como perteneciente al Convento de San Francisco de Querétaro. Ubicación de la marca en el libro: Canto superior, inferior y fronta” |
| 650 14 - PUNTO DE ACCESO ADICIONAL DE MATERIA--TÉRMINO DE MATERIA | |
| Término de materia o nombre geográfico como elemento de entrada | Gracia (Teología) |
| Subdivisión cronológica | Obras anteriores a 1800 |
| 9 (RLIN) | 21862 |
| 650 14 - PUNTO DE ACCESO ADICIONAL DE MATERIA--TÉRMINO DE MATERIA | |
| Término de materia o nombre geográfico como elemento de entrada | Máximas |
| Subdivisión cronológica | Obras anteriores a 1800 |
| 9 (RLIN) | 21863 |
| 700 1# - PUNTO DE ACCESO ADICIONAL--NOMBRE DE PERSONA | |
| Nombre de persona | Laso, Francisco |
| Término indicativo de función/relación | mercader de libros |
| 9 (RLIN) | 22198 |
| 700 1# - PUNTO DE ACCESO ADICIONAL--NOMBRE DE PERSONA | |
| Nombre de persona | González de Reyes, Antonio |
| Término indicativo de función/relación | Impresor |
| 9 (RLIN) | 22199 |
| 856 ## - LOCALIZACIÓN Y ACCESO ELECTRÓNICOS | |
| Nombre del host | http://www.marcasdefuego.buap.mx:8180/xmLibris/projects/firebrand/item.jsp?repository=marcas_de_fuego&key=d6defe3d.xml&num=14 |
| 902 ## - CATALOGADOR | |
| Iniciales | CFM |
| 942 ## - ELEMENTOS DE PUNTO DE ACCESO ADICIONAL (KOHA) | |
| Fuente del sistema de clasificación o colocación | Library of Congress Classification |
| Tipo de ítem Koha | Libros |
| Estado de retiro | Estado de pérdida | Estado dañado | No para préstamo | Localización permanente | Ubicación/localización actual | Fecha de adquisición | Total de préstamos | Signatura topográfica completa | Código de barras | Fecha visto por última vez | Precio válido a partir de | Tipo de ítem Koha |
|---|---|---|---|---|---|---|---|---|---|---|---|---|
| El ejemplar forma parte de la colección y puede ser consultado según las políticas vigentes. | Biblioteca del Museo Franz Mayer (Rogerio Casas-Alatriste) | Biblioteca del Museo Franz Mayer (Rogerio Casas-Alatriste) | 29/06/2017 | LE21 .G37 1709 | CFM00254 | 22/03/2019 | 22/03/2019 | Libros |